000 01104nam a22003257a 4500
001 BR7901025
003 BR-BrBNA
005 20230928085934.0
007 ta
008 230509b bl.||||| |||| 00| 0 por d
040 _aBR-BrBNA
_bpor
_cBiblioteca Nacional de Agricultura
041 _a(Por)
072 _aL00; L30; L10
_b5240
_b5212
_b5600
_b/G514
090 _ 5240 BR7901025
110 1 _aUniversidade Federal do Ceara, Fortaleza (Brasil). Centro de Ciencias Agrarias. Depto. de Zootecnia
_911034
245 1 _aRelatorio tecnico semestral das atividades do Convenio BNB/FCPC. Programa de Pesquisa em forragicultura, melhoramento e nutricao animal [Banco do Nordeste do Brasil, Fundacao Cearense de Pesquisa e Cultura, ovino, bovino, coelho]
260 3 _aFortaleza, CE (Brasil):
_c1979.
300 _a52 p.
650 _aOVINO
650 _aBOVINO
650 _aCOELHO
650 _aREPRODUCAO ANIMAL
650 _aNUTRICAO ANIMAL
650 _aCUNICULTURA
650 _aPENTECOSTE
650 _aQUIXADA
650 _aCEARA
909 _a202309
_bLucia
_c55
_dLucia Elande
942 _cBK
999 _c27091
_d27091